ბათუმის შოთა რუსთაველის სახელმწიფო უნივერსიტეტის ბიბლიოთეკა

Winter in Madrid / (ბიბ.ჩანაწერი № 45214)

000 -LEADER
fixed length control field 00635nam a2200229Ia 4500
001 - CONTROL NUMBER
control field 12037
003 - CONTROL NUMBER IDENTIFIER
control field GE_BSU
005 - DATE AND TIME OF LATEST TRANSACTION
control field 20221118170848.0
008 - FIXED-LENGTH DATA ELEMENTS--GENERAL INFORMATION
fixed length control field 181216s2006en xx |||||||||||||| ||eng||
020 ## - INTERNATIONAL STANDARD BOOK NUMBER
International Standard Book Number 9780330411981x
040 ## - CATALOGING SOURCE
Transcribing agency GE_BSU
041 ## - LANGUAGE CODE
Language code of text/sound track or separate title eng
080 ## - UNIVERSAL DECIMAL CLASSIFICATION NUMBER
Universal Decimal Classification number 821.111-32 S-20
100 ## - MAIN ENTRY--PERSONAL NAME
Personal name Sansom,C.J.
9 (RLIN) 15949
245 ## - TITLE STATEMENT
Title Winter in Madrid /
Statement of responsibility, etc. C.J. Sansom
264 ## - PRODUCTION, PUBLICATION, DISTRIBUTION, MANUFACTURE, AND COPYRIGHT NOTICE
Place of production, publication, distribution, manufacture London :
Name of producer, publisher, distributor, manufacturer Pan Books,
Date of production, publication, distribution, manufacture, or copyright notice 2006.
300 ## - PHYSICAL DESCRIPTION
Extent 549 p.:
Other physical details 20 cm.
653 ## - INDEX TERM--UNCONTROLLED
keyword Winter in Madrid
653 ## - INDEX TERM--UNCONTROLLED
keyword ზამთარი მადრიდში
653 ## - INDEX TERM--UNCONTROLLED
keyword მხატვრული ლიტერატურა
942 ## - ADDED ENTRY ELEMENTS (KOHA)
Koha item type წიგნი
Source of classification or shelving scheme
ეგზემპლარები
Withdrawn status Lost status Source of classification or shelving scheme Damaged status Not for loan Permanent Location Current Location Shelving location Date acquired Full call number Barcode Date last seen Copy number Price effective from Koha item type
          ბათუმის შოთა რუსთაველის სახელმწიფო უნივერსიტეტის მთავარი ბიბლიოთეკა ბათუმის შოთა რუსთაველის სახელმწიფო უნივერსიტეტის მთავარი ბიბლიოთეკა წიგნსაცავი 2018-12-17 821.111-32 S-20 35749 2018-12-17 35749 2018-12-17 წიგნი